00786nam a22002411 450000100060000000300080000600500170001400800390003103500190007003500180008904000270010704100080013408200220014210000310016424501190019526000310031430000250034549000260037050400370039665000490043370000360048283000260051834643BD-RjUL20211209052206.0140518s1965 enk b 001 0 eng a(BD-RjUL)34737 a(OCoLC)166642 aDLCcOAUdBD-RjULbeng aeng bELE 1965a301.3621 aElias, Norbertd1897-1990.14aThe established and the outsiders :ba sociological enquiry into community problems /cN. Elias and J. L. Scotson. aLondon :bF. Cass,cc1965. axi, 199 p. ;c22 cm.1 aNew sociology library aIncludes Bibliography and index. 0aSocial surveyszGreat BritainvCase studies.1 aScotson, John L.ejoint author.1 aNew sociology library